000 00996njm a22002537a 4500
005 20100922141611.0
007 sd ammalaaahaa
008 100913t xxu||||| |||| 00| 0 hin d
028 _aD/ELRZ.10
_bREGAL
035 _aGR-02250
040 _aSED/VEN
100 _aMangeshkar, Lata
_91184
245 _aNisdin Barsat hain /
_cby Lata Mangeshkar...[et.al]
_h[sound recording] :
246 _aनिसदिन बरसात हैं / लता मंगेशकर द्वारा
260 _aDum Dum India
_bREGAL
_c1969
300 _a1 sound disc [Gramophone record] :
_banalog, 33 1/3 rpm
_c12.5 in. (LP)
_fGramophone Record
500 _aBrief Record
500 _aRecord label : REGAL, Blue
505 _aSide-2 Chalo man ganga jamuna ke teer (Pandit D.V. Paluskar)
600 _aMangeshkar, Lata
_91184
650 _aDevotional songs
_xExcerpts
_zIndia
_919603
942 _2ddc
_cGR
999 _c47501
_d47501